000 03921nam a2200961 4500
003 AR-RoUNA
005 20260527120718.0
008 260527b |||||||| |||| 00| 0 spa d
040 _aAR-RoUNA
_bspa
_dAR-RoUNA
041 _aeng
044 _aag
110 2 _aEspaña. Ayuntamiento de Barcelona
_927755
245 1 0 _aThe city of Barcelona
250 _a1a. ed.
260 _aEspaña (Barcelona):
_bAjuntament de Barcelona,
_c1993
300 _a63 p.:
_bfot. col.
_bCuadros
_bmapas
_c28x22 cm
505 0 _tINDICE
505 0 _tUN MENSAJE DEL ALCALDE
505 0 _t1. LA CIUDAD Y SU ÁREA METROPOLITANA
505 0 _r1.1. Ubicación, tamaño y población. p. 13
505 0 _a1.2. Historia. p. 14
505 0 _a1.3. Economía. p. 16
505 0 _aa. Producto Interno Bruto. p. 16
505 0 _a b. Ingreso disponible per cápita. p. 17
505 0 _ac. Estructura industrial: situación actual y perspectivas futuras de las principales industrias. p. 17
505 0 _ad. Evolución de la producción industrial p. 18
505 0 _ae. Flujos de inversión extranjera. p. 19
505 0 _t2. EL AYUNTAMIENTO
505 0 _a 2.1. El Gobierno Municipal. p. 23
505 0 _a2.2. Presupuesto. p. 24
505 0 _a2.3. El Plan Estratégico. p. 24
505 0 _a2.4. Programa de Acción Municipal 1992-1995. p. 26
505 0 _t3. PLANIFICACION URBANA
505 0 _a3.1. La ciudad olimpica. p. 29
505 0 _a3.2. Nuevos proyectos urbanos. p. 30
505 0 _a3.3. Parques y jardines. p. 31
505 0 _t4. INFRAESTRUCTURA
505 0 _a4.1. Transporte / infraestructuras. p.35
505 0 _aa. Autopistas. p. 35
505 0 _a b. Caminos locales. p. 35
505 0 _ac. Transporte público. p.35
505 0 _a d. El aeropuerto. p. 36
505 0 _ae. El puerto. p. 36
505 0 _a4.2. Infraestructuras comerciales.
505 0 _aa. La Feria de Barcelona. P. 37
505 0 _a b. Mercabarna. P. 38
505 0 _ac. Mercados Municipales. p. 38
505 0 _a4.3. Infraestructuras industriales
505 0 _a4.4. Telecomunicaciones
505 0 _t5. EDUCACION. CULTURA E INSTALACIONES DEPORTE
505 0 _a5.1. Educación. p. 43
505 0 _a5.2. Cultura. p. 43
505 0 _a5.3. Celebraciones tradicionales. p. 44
505 0 _a5.4. Instalaciones deportivas. p. 44
505 0 _t6. TURISMO
505 0 _a6.1. Oficina de Turismo de Barcelona. p. 47
505 0 _a6.2. Oficina de Convenciones de Barcelona. p. 47
505 0 _a6.3. Alojamiento de Hoteles. p. 47
505 0 _a6.4. Gastronomía. p. 47
505 0 _t7. SALUD PUBLICA Y BIENESTAR SOCIAL
505 0 _a7.1. Asistencia sanitaria. p. 51
505 0 _a 7.2. Bienestar social. p. 51
505 0 _t8. SEGURIDAD Y PROTECCIÓN CIVIL
505 0 _a8.1. Servicios de protección civil. pág. 55
505 0 _a 8.2. Policía municipal. p. 55
505 0 _a 8.3. Mantenimiento. p. 55
505 0 _t9. PROMOCIONANDO LA CIUDAD
505 0 _a9.1. Barcelona: la ciudad del mundo. p. 60
505 0 _a9.2. Barcelona: miembro de todas las principales redes de ciudades. p. 60
505 0 _a9.3. Barcelona: Centro de fabricación. p. 60
505 0 _a9.4. Barcelona: Centro logístico. p. 60
505 0 _a9.5. Barcelona: Centro ferial. p. 61
505 0 _a9.6. Barcelona: Centro médico y farmacéutico. p. 61
505 0 _a9.7. Barcelona: Capital de la ingeniería, la arquitectura y el diseño. p. 61
505 0 _a9.8. Barcelona: Centro de educación superior. p. 62
505 0 _a9.9. Barcelona: Centro financiero. p. 62
505 0 _a9.10. Barcelona: Capital cultural. p. 62
505 0 _a9.11. Barcelona: Asociaciones empresariales: una fuerza vital en la economía de la ciudad. p. 63
908 _aImp
942 _2udc
_cLIB
945 _d2026-05-27
980 _65
_aMaría Machado
_85
_gMaría Machado
999 _c12431
_d12431